Spanisch| Haciendo Caminos - Statistiken

Allgemein
  • Dieses Quiz wurde 13 mal gespielt
  • Das Durchschnittsergebnis liegt bei 14 aus 63
Antwortstatistiken
Deutsch Español % Korrekt
kritisch crítico/a
88%
die Identität la identidad
88%
der Ort el lugar
75%
der Rhytmus el ritmo
75%
wachsen crecer
50%
Wege machen hacer caminos
50%
die Grenze la frontera
50%
die Wichtigkeit la importancia
50%
das Ziel la meta/ el objetivo
50%
Ratschläge geben dar consejos
38%
zweifeln dudar
38%
das Schicksal el destino
38%
etw. wählen elegir algo
38%
die Etappe/der Abschnitt la etapa
38%
die Notwendigkeit la necesidad
38%
die Kindheit la niñez
38%
sich entwickeln desarrollarse
25%
das Konzept des Lebens el concepto de la vida
25%
sich mit etwas identifizieren identificarse con algo
25%
der Rucksack la mochila
25%
sich verlaufen perderse
25%
etwas vorschlagen proponer algo
25%
dem Weg folgen seguir el camino
25%
trotzdem sin embargo
25%
eine Entscheidung treffen tomar una decisión
25%
eine Entscheidung treffen tomar una decisión
25%
vereint unido/a
25%
der Tiefpunkt el bache
13%
die Kreuzung el cruce
13%
die Herausforderung el desafío
13%
das Vorurteil el estereotipo
13%
das Labyrinth el laberinto
13%
der/die Pilger/in el peregrino/la peregrina
13%
der Stempel el sello
13%
der Trick el truco
13%
jemanden betrügen engañar a alguien
13%
von etwas überzeugt sein estar convencido de algo
13%
etwas erleben experimentar algo
13%
flüchtig fugaz
13%
Erlebnisse machen hacer experiencias
13%
(un) vernünftig (im)prudente
13%
etw./jnd. beeinflussen influir en algo/ alguien
13%
etw./jnd. beeinflussen influir en algo/alguien
13%
der Brauch, Tradition la costumbre
13%
an eine Kreuzung kommen llegar a un cruce
13%
folglich por consiguiente
13%
vorankommen seguir adelante
13%
etwas (wert-)schätzen valorar algo
13%
kaum apenas
0%
etwas hervorheben destacar algo
0%
etwas genießen disfrutar de algo
0%
die Umgebung el entorno
0%
sich auf machen/einen Weg beginnen emprender un camino
0%
unterhaltsam entretenido/a
0%
sich anstrengen esforzarse
0%
sich um etwas drehen girar alrededor de
0%
unabdinglich imprescinible
0%
das Entkommen la evasión
0%
das Pilgern la peregrinación
0%
leicht liso/a
0%
Grenzkontrollen los controles fronterizos
0%
gegen den Strom schwimmen nadar contracorriente
0%
etw. wahrnehmen percibir algo
0%
Keine übereinstimmenden Quizze gefunden
Verteilung der Resultate
Anzahl Personen mit jedem Resultat
Perzentil nach korrekt beantworteten Fragen
Ihre Resultats-Entwicklung
Sie haben dieses Quiz noch nicht gespielt